LEADER 01433nam 2200397 450 001 000001635 005 20050718115000.0 100 $a--------d1835----km-y0itay0103----ba 101 0 $aita 102 $aIT 200 1 $aPoesie$fdi Luigi Grippo da Potenza di Basilicata 210 $aNapoli$bLargo Trinità Maggiore n. 1$c<> Puzziello$d1835 215 $a245 p.$d18 cm 305 $aSul front.: "Prima edizione napolitana" 307 $aLe prime 33 p. segnate a numeri romani. Prima del front. ritratto dell'aut. 320 $aIndice p.243-245 327 $aDedica: "Al chiarissimo Signore Signor Cavaliere D. Niccola Nicolini, p.I-IV. A lettori, p.V-XXXIII 700 1$aGrippo,$bLuigi$017752 801 0$aIT$bUniversità della Basilicata - B.I.A.$gRICA$2unimarc 912 $a000001635 996 $aPoesie$971877 997 $aUNIBAS BAS $aMONLET BAS $aMONOGR BAS $aLETTERE CAT $aGINO$b10$c19990723$lBAS01$h1256 CAT $c20000913$lBAS01$h1424 CAT $c20000920$lBAS01$h1829 CAT $c20001010$lBAS01$h1632 CAT $c20050601$lBAS01$h1752 CAT $abatch$b01$c20050718$lBAS01$h1047 CAT $c20050718$lBAS01$h1106 CAT $c20050718$lBAS01$h1136 CAT $c20050718$lBAS01$h1150 FMT Z30 -1$lBAS01$LBAS01$mBOOK$1BASA1$APolo Storico-Umanistico$2FDEP$BFondo De Pilato$3FD/1416$61416$5D1416$819990723$f52$FRari LEADER 02607nam 2200673 a 450 001 9910462414203321 005 20200520144314.0 010 $a0-470-43144-X 010 $a1-118-07936-1 035 $a(CKB)2670000000238319 035 $a(EBL)706501 035 $a(OCoLC)811500096 035 $a(SSID)ssj0000704377 035 $a(PQKBManifestationID)12278791 035 $a(PQKBTitleCode)TC0000704377 035 $a(PQKBWorkID)10704957 035 $a(PQKB)11657032 035 $a(MiAaPQ)EBC706501 035 $a(Au-PeEL)EBL706501 035 $a(CaPaEBR)ebr10700372 035 $a(CaONFJC)MIL491889 035 $a(EXLCZ)992670000000238319 100 $a20071129d2008 ky 0 101 0 $aeng 135 $aur|n|---||||| 181 $ctxt 182 $cc 183 $acr 200 10$aAdobe Camera Raw for digital photographers only$b[electronic resource] /$fRob Sheppard 205 $a2nd ed. 210 $aIndianapolis, Ind. $cWiley$dc2008 215 $a1 online resource (685 p.) 225 1 $aFor Only ;$vv.2 300 $aGlossary: p. [335]-338. 300 $aIncludes index. 311 $a0-470-22457-6 327 $apt. I. Capture workflow -- pt. II. Camera raw workflow -- pt. III. Making camera raw work harder for you. 330 $aExpert photographer Rob Sheppard explains the details of Camera Raw, the steps for using it, the workflow process, and certain best practices that demonstrates how Camera Raw can empower the digital photographer. Encouraging you to use it as you see fit, he explores the enhancements in the newest generation and helps you deal with RAW's limitations, manage white balance and exposure, reduce noise (especially in night shots,) and learn to use camera settings that make the most of RAW capabilities. 410 0$aFor Only 606 $aRaw file formats (Digital photography) 606 $aPhotography$xDigital techniques 606 $aImage processing$xDigital techniques 606 $aFile conversion (Computer science) 606 $aPhotography, Artistic 608 $aElectronic books. 615 0$aRaw file formats (Digital photography) 615 0$aPhotography$xDigital techniques. 615 0$aImage processing$xDigital techniques. 615 0$aFile conversion (Computer science) 615 0$aPhotography, Artistic. 676 $a771/.44 700 $aSheppard$b Rob$0868979 801 0$bMiAaPQ 801 1$bMiAaPQ 801 2$bMiAaPQ 906 $aBOOK 912 $a9910462414203321 996 $aAdobe Camera Raw for digital photographers only$92287743 997 $aUNINA